000 00484cam a22001812 4500
001 0000004724
005 20151217155825.0
008 070528s xx 000 0 eng d
040 _aKABU
_cKABU
050 0 _aQL337
_b.K4P47
100 1 _aPercival, A. Blayney.
_@0000155461
245 1 2 _aA Game ranger's note book.
260 _aLondon :
_bNisbet,
_c1924.
300 _axvii, 369 p.
908 _a070528
950 _@1
999 _c12913
_d12913